| 000 | 00716nam a2200241 i 4500 | ||
|---|---|---|---|
| 001 | 12536 | ||
| 003 | ES-MaACL | ||
| 005 | 20250708063319.0 | ||
| 007 | t| | ||
| 008 | 960919s1996 sp ||||0| spa j | ||
| 020 | _a84-8151-289-3 | ||
| 040 |
_aM-BN _bspa _cM-BN |
||
| 080 | _a860-14"19" | ||
| 100 | 1 |
_aGálvez, Pedro Luis de, _d1882-1940 _953712 |
|
| 245 | 1 | 0 |
_aNegro y azul / _cPedro Luis de Gálvez ; edición y prólogo de Francisco Rivas. |
| 260 |
_aGranada : _bComares, _c1996. |
||
| 300 |
_a328 p ; _c21 cm. |
||
| 490 | 1 |
_aLa veleta ; _v33 |
|
| 700 | 1 |
_aRivas, Francisco. _997557 |
|
| 830 | 0 |
_aLa veleta ; _v33 _9178640 |
|
| 852 |
_aES-MaACL _jL-19911 _bR.125691 |
||
| 999 |
_c12536 _d12536 |
||